David Bowie Discography - Statistics

General Stats
  • This quiz has been taken 180 times
    119 since last reset
  • The average score is 32 of 136
Answer Stats
Type Year Name % Correct
Album 1969 David Bowie
97%
Album 2016
90%
Album 1977 "Heroes"
90%
Album 1983 Let's Dance
89%
Album 1974 Diamond Dogs
88%
Album 1973 Aladdin Sane
87%
Album 1971 Hunky Dory
87%
Album 1977 Low
87%
Album 1967 David Bowie
85%
Compilation 1990 David Bowie
85%
Album 1970 The Man Who Sold the World
85%
Album 1980 Scary Monsters (And Super Creeps)
84%
Album 1976 Station to Station
81%
Album 1972 The Rise and Fall of Ziggy Stardust and the Spiders from Mars
80%
Album 1975 Young Americans
80%
Album 1973 Pin Ups
79%
Album 1979 Lodger
74%
Album 1984 Tonight
67%
Album 2013 The Next Day
66%
Album 2002 uǝɥʇɐǝɥ
65%
Album 1997 EART HL I NG
63%
Album 1987 Never Let Me Down
55%
Album 1993 Black Tie White Noise
52%
Video Album 1993 Black Tie White Noise
52%
Album 1995 1. Outside
49%
Album 1999 'hours...'
47%
Album 2003 Reality
45%
Group Album 1989 Tin Machine
44%
Collaborative Soundtrack 1986 Labyrinth
42%
EP 2009 Space Oddity
42%
Soundtrack 1993 The Buddha of Suburbia
42%
Live Album 1974 David Live
37%
Album 2022 Toy
36%
EP 2022 Toy E.P. (You've Got It Made with All the Toys)
36%
Documentary 1984 Ziggy Stardust and the Spiders from Mars: The Motion Picture
34%
Group Album 1991 Tin Machine II
28%
Live Album 1978 Stage
25%
Compilation 1976 Changesonebowie
24%
Concert Film 1988 Glass Spider
24%
Compilation 1980 The Best of Bowie
24%
Compilation 2002 Best of Bowie
20%
Video Album 2002 Best of Bowie
20%
Compilation 1981 Changestwobowie
20%
Compilation 2014 Nothing has changed.
19%
Concert Film 1983 Serious Moonlight
19%
Live Album 2018 Serious Moonlight (Live '83)
19%
Collaborative Soundtrack 2016 Lazarus (Original Cast Recording)
18%
Compilation 2016 Legacy (The Very Best of David Bowie)
18%
Compilation 1990 Changesbowie
17%
Concert Film 2004 A Reality Tour
16%
Live Album 2010 A Reality Tour
16%
Box Set 2018 Loving the Alien (1983-1988)
16%
Box Set 2017 A New Career in a New Town (1977–1982)
13%
EP 1982 Baal
13%
Compilation 2000 Bowie at the Beeb
13%
Box Set 2015 Five Years (1969–1973)
13%
Box Set 2016 Who Can I Be Now? (1974–1976)
13%
Box Set 2021 Brilliant Adventure (1992-2001)
12%
Live Album 2017 Cracked Actor (Live Los Angeles '74)
12%
Compilation 1983 Golden Years
12%
Live Album 2018 Welcome to the Blackout (Live London '78)
12%
EP 2022 Brilliant Adventure E.P.
11%
Soundtrack 1981 Christiane F. - Wir Kinder vom Bahnhof Zoo
11%
Compilation 1989 Starman
11%
Live Album 1983 Ziggy Stardust: The Motion Picture
11%
Compilation 1982 Rare
10%
Compilation 1997 The Best of David Bowie 1969/1974
10%
Compilation 1998 The Best of David Bowie 1974/1979
10%
Compilation 2007 The Best of David Bowie 1980/1987
10%
Compilation 1997 The Deram Anthology 1966–1968
10%
Compilation 2020 ChangesNowBowie
9%
Live Album 2018 Glastonbury 2000
9%
EP 2020 Is It Any Wonder?
9%
Live Album 2018 Live in Berlin (1978)
9%
EP 2017 No Plan
9%
Box Set 1989 Sound + Vision
9%
Live Group Album 1992 Tin Machine Live: Oy Vey, Baby
9%
Compilation 1984 Fame and Fashion
8%
Live Album 2008 Live Santa Monica '72
8%
Compilation 1984 Love You till Tuesday
8%
Promotional Film 1984 Love You till Tuesday
8%
Video Album 1992 Tin Machine Live: Oy Vey, Baby
8%
Compilation 1991 Early On (1964–1966)
7%
Compilation 1973 Images 1966-1967
7%
Live Album 2020 I'm Only Dancing (The Soul Tour 74)
7%
Compilation 2008 iSelect
7%
Live Album 2021 Look at the Moon! (Live Phoenix Festival 97)
7%
Live Album 2020 No Trendy Réchauffé (Live Birmingham 95)
7%
Live Album 2020 Ouvrez le Chien (Live Dallas 95)
7%
Compilation 1995 Rarest One Bowie
7%
Live Album 2020 Something in the Air (Live Paris 99)
7%
Box Set 2019 The 'Mercury' Demos
7%
EP 2013 The Next Day Extra
7%
Compilation 2005 The Platinum Collection
7%
Compilation 1970 The World of David Bowie
7%
Live Album 2009 VH1 Storytellers
7%
Compilation 1979 Chameleon
6%
Box Set 2019 Clareville Grove Demos
6%
Compilation 2003 Club Bowie
6%
Box Set 2019 Conversation Piece
6%
Live Album 2021 David Bowie at The Kit Kat Klub (Live New York 99)
6%
Compilation 1985 David Bowie: The Collection
6%
Compilation 1982 Fashions
6%
Compilation 1996 London Boy
6%
Box Set 2019 Spying Through a Keyhole
6%
Compilation 2005 The Collection
6%
Compilation 1993 The Singles Collection
6%
Live Group Album 2019 Tin Machine: Live at La Cigale, Paris, 25th June, 1989
6%
Box Set 2022 Toy:Box
6%
Compilation 2001 All Saints
4%
EP 1981 Don't Be Fooled By the Name
4%
EP 1997 Earthling in the City
4%
Box Set 2021 Width of a Circle
4%
Compilation 2013 Zeit! 77–79
4%
Short Film 1984 Jazzin' for Blue Jean
3%
Video Album 1985 Ricochet
3%
Compilation 1981 Another Face
1%
Compilation 1983 A Second Face
1%
Compilation 1973 Best Deluxe
1%
Video Album 1993 Bowie - The Video Collection
1%
Video Album 1987 Day-In Day-Out
1%
Compilation 1983 Die Weisse Serie: Extra Ausgabe
1%
Compilation 1979 La Grande Storia Del Rock
1%
Collaborative Live EP 2005 Live EP (Live at Fashion Rocks)
1%
Compilation 1983 Prime Cuts
1%
Compilation 1979 Profile
1%
Compilation 1979 Rock Concert
1%
Compilation 1990 Rock Reflections
1%
Live Album 1994 Santa Monica '72
1%
Compilation 1977 Starting Point
1%
Compilation 1993 The Gospel According to David Bowie
1%
Live Album 2008 Glass Spider Live
0%
Compilation 1973 In the Beginning, Vol. 2
0%
Compilation 2003 Musical Storyland
0%
Compilation 1998 Rarest Series
0%
Video Album 1983 Video EP
0%
No matching quizzes found
Score Distribution
Percent of People with Each Score
Percentile by Number Answered
Your Score History
You have not taken this quiz since the last reset